000 00613nam a2200241Ia 4500
003 0100
008 130303s9999 xx 000 0 und d
020 _a134831160
040 _cARRUPELIB
050 _aHF5635.H8131988
100 _aHorngren, Charles T
245 _aIntroduction to financial accounting
260 _aEnglewood Cliffs
260 _bPrentice Hall
260 _C1988
300 _axx
300 _b 795p. 25cm.
650 _bExperience (Religion)
650 _cPsychology, Religious
650 _dConversion Philosophy an religion
700 _aCharles T. Horngren
942 0 0 _01
999 _c16199
_d16199